عرض عادي
عرض مارك
- Disease
مدخل مصطلح موضوعي
001 - رقم الضبط
- حقل الضبط: 19856
003 - معرف رقم الضبط
- حقل الضبط: OSt
005 - تاريخ ووقت أخر عملية
- حقل الضبط: 20130127115416.0
008 - عناصر بيانات ثابتة الطول
- حقل تحكم ثابت الطول: 130127|||a|||||| | ||| d
040 ## - مصدر الفهرسة
- هيئة الفهرسة الأصلية: OSt
- وكالة الكتابة: OSt
150 ## - مدخل-- مصطلح تاريخي
- عنصر مدخل المصطلح الموضوعي او الاسم الجغرافي: Disease
- تفريع شكلي: Nurses' Instruction.
670 ## - بيانات المصدر موجوده
- الاستشهاد بالمصدر: Work cat.: (OSt)0: Understanding pathophysiology /, c2012.
